Gandhi Nu Gam-Ludiya:Partnering with people (Record no. 8164)

000 -LEADER
fixed length control field 00255nam a22001097a 4500
003 - CONTROL NUMBER IDENTIFIER
control field OSt
005 - DATE AND TIME OF LATEST TRANSACTION
control field 20200806152938.0
008 - FIXED-LENGTH DATA ELEMENTS--GENERAL INFORMATION
fixed length control field 200806b ||||| |||| 00| 0 eng d
082 ## - DEWEY DECIMAL CLASSIFICATION NUMBER
Classification number 363.349
245 ## - TITLE STATEMENT
Title Gandhi Nu Gam-Ludiya:Partnering with people
942 ## - ADDED ENTRY ELEMENTS (KOHA)
Source of classification or shelving scheme
Holdings
Withdrawn status Lost status Source of classification or shelving scheme Damaged status Koha normalized classification for sorting Not for loan Permanent location Current location Date acquired Full call number Barcode Date last seen Price effective from Koha item type
        363_349000000000000   BMS College of Architecture, Design and Planning BMS College of Architecture, Design and Planning 2020-08-06 363.349 AR-UG1341 2020-08-06 2020-08-06 UG Books
Copyright © 2025, The Librarian, Library and Information Centre, BMSCA D&P, Bengaluru. All Rights Reserved
web counter

Powered by Koha